Introductory mathematical analysis for business, economics, and the life and social sciences / (Record no. 4038)

MARC details
000 -LEADER
fixed length control field 01368nac a22003491i 4500
003 - CONTROL NUMBER IDENTIFIER
control field EG-ScBUE
005 - DATE AND TIME OF LATEST TRANSACTION
control field 20241003124924.0
008 - FIXED-LENGTH DATA ELEMENTS--GENERAL INFORMATION
fixed length control field 241003t2005 njua f b 001 0 eng d
020 ## - INTERNATIONAL STANDARD BOOK NUMBER
International Standard Book Number 9780131276291
020 ## - INTERNATIONAL STANDARD BOOK NUMBER
International Standard Book Number 0131276298
040 ## - CATALOGING SOURCE
Original cataloging agency EG-ScBUE
Language of cataloging eng
Description conventions rda
Transcribing agency EG-ScBUE
Modifying agency EG-ScBUE
082 04 - DEWEY DECIMAL CLASSIFICATION NUMBER
Classification number 515
Item number HAE
Edition number 22
100 1# - MAIN ENTRY--PERSONAL NAME
Personal name Haeussler, Ernest F.,
Relator term author.
245 10 - TITLE STATEMENT
Title Introductory mathematical analysis for business, economics, and the life and social sciences /
Statement of responsibility, etc Ernest F. Haeussler, Jr., The Pennsylvania State University, Richard S. Paul, The Pennsylvania State University, R. J. Wood, Dalhousie University.
246 30 - VARYING FORM OF TITLE
Title proper/short title Introductory mathematical analysis
250 ## - EDITION STATEMENT
Edition statement Eleventh edition.
250 ## - EDITION STATEMENT
Edition statement International edition.
264 #1 - PUBLICATION, DISTRIBUTION, ETC. (IMPRINT)
Place of publication, distribution, etc Upper Saddle River, N.J. :
Name of publisher, distributor, etc Pearson Prentice Hall,
Date of publication, distribution, etc [2005]
264 #4 - PUBLICATION, DISTRIBUTION, ETC. (IMPRINT)
Date of publication, distribution, etc c2005
300 ## - PHYSICAL DESCRIPTION
Extent 1 volume (various pagings) :
Other physical details illustrations (some color) ;
Dimensions 27 cm
336 ## - CONTENT TYPE
Source rdacontent
Content type term text
Content type code txt
337 ## - MEDIA TYPE
Media type term unmediated
Source rdamedia
Media type code n
338 ## - CARRIER TYPE
Carrier type term volume
Carrier type code nc
Source rdacarrier
504 ## - BIBLIOGRAPHY, ETC. NOTE
Bibliography, etc Includes bibliographical references and index.
650 #7 - SUBJECT ADDED ENTRY--TOPICAL TERM
Topical term or geographic name as entry element Mathematical analysis.
Source of heading or term BUEsh
650 #7 - SUBJECT ADDED ENTRY--TOPICAL TERM
Topical term or geographic name as entry element Economics, Mathematical.
Source of heading or term BUEsh
650 #7 - SUBJECT ADDED ENTRY--TOPICAL TERM
Topical term or geographic name as entry element Business mathematics.
Source of heading or term BUEsh
655 ## - INDEX TERM--GENRE/FORM
Form subdivision Reading book
700 1# - ADDED ENTRY--PERSONAL NAME
Personal name Paul, Richard S.,
Relator term author.
700 1# - ADDED ENTRY--PERSONAL NAME
Personal name Wood, R. J.,
Relator term author.
942 ## - ADDED ENTRY ELEMENTS (KOHA)
Koha item type NB - Book (Non borrowing)
Source of classification or shelving scheme Dewey Decimal Classification
Holdings
Withdrawn status Lost status Source of classification or shelving scheme Damaged status Not for loan Collection code Home library Current library Shelving location Date acquired Source of acquisition Total Checkouts Full call number Barcode Date last seen Price effective from Koha item type Total Renewals Date checked out Materials specified (bound volume or other part) Checked out
    Dewey Decimal Classification     Baccah Central Library Central Library First floor 07/08/2015 Purchase 2 515 HAE 000005160 15/07/2025 16/08/2007 NB - Book (Non borrowing)        
    Dewey Decimal Classification     Baccah Central Library Central Library First floor 16/08/2007 Purchase 25 515 HAE 000000098 15/07/2025 22/08/2007 Book - Borrowing 24 08/11/2022    
  Lost         Central Library Central Library First floor 16/08/2007 Purchase 6 515 HAE 000000090 07/12/2009 22/08/2007 Book - Borrowing   25/11/2009 Lost In Inventory_2015-8-23  
            Central Library Central Library First floor 16/08/2007 Purchase 7 515 HAE 000005734 01/10/2016 10/09/2007 Book - Borrowing 11 01/10/2016   19/10/2016